00964nam a2200229 a 4500001001000000003000400010005001700014008004100031040002500072082001800097100002900115245007600144260006200220300003500282590002800317651008000345651006100425910003700486942001400523952018000537999001700717000031497OSt20201127124837.0110627s1930 dr c 000 | spa d aDO-SdBNPbspacBNPHU 4a551.43bP438a1 aPérez, Juan B.93621910aAlgo más sobre el Tina y sobre el valle encantado /cJuan B. Pérez. aSantiago, República Dominicana :bImprenta Alfa,c1930. a31 p. :bil., retrs. ;c21 cm. aInventariado, 2019 / DG 4aLoma La Pelona (San Juan de La Maguana)xExpediciones y exploracion977455 4aMonte Tina (La Vega)xExpediciones y exploracion977456 aValidado. Control de calidad MFF 2ddccLBS1 00102ddc718RVaPDbPDcHDd2011-06-27iLF1l0o551.43 P438ap31497-10r2020-06-25w2020-06-25y1zPerteneció a la biblioteca personal de Carlos Larrazábal Blanco. c30989d30989